000
00317 a2200157 4500
001
159596
020
_a
040
_c
Magnum
100
_a
-
240
1
0
_a
Como o universo funciona
_l
por
245
1
0
_a
Como o universo funciona
362
0
_a
1899
440
1
_a
Globo
697
_a
MAGNITO: COLECAO
942
_c
BK
999
_c
159596
_d
159596